000 02032nam a2200349 i 4500
001 000041265
003 DO-SdBNP
005 20260305120812.0
007 ta
008 111110s2010 dr a 001 0dspa d
020 _a9789945871449
040 _aDO-SdBNP
_bspa
_cBNPHU
_erda
041 _aspa
082 4 _a923.17293
_bB171P
_222
100 1 _aPérez, Odalís,
_d1952-
_eautor
_4aut.
_923828
245 1 0 _aJoaquín Balaguer :
_bla filología, la historia, el pensamiento /
_cOdalís G. Pérez.
264 1 _aSanto Domingo :
_bFundación Joaquín Balaguer,
_c2010.
300 _a689 páginas :
_bilustraciones ;
_c24 cm.
336 _atexto
_btxt
_2rdacontent
337 _asin mediación
_bn
_2rdamedia
338 _avolumen
_bnc
_2rdacarrier
500 _aIncluye datos biográficos del autor en la solapas de las cubiertas.
500 _aIncluye referencias bibliográficas y notas al pie de las páginas.
504 _aBibliografía : páginas 645-677
505 _aPalabras preliminares.
_tPrimera parte o primer acto. Filología, historia y fundamento crítico.--
_tSegunda parte o segundo acto. El espaciamiento de la historia y la literatura.--
_tTercera parte o tercer acto. La crítica literaria: el complemento virtiginoso,--
_tCuarta parte o cuarto acto. Miradas y tiempos: el discurso como precepto.--
_tQuinta parte o quinto acto. La memoria como cuerpo de la historia.--
_tSexta parte o sexto acto. Iconografía, historia y documento.--
_tSéptima parte o séptimo acto. Trilogía: historia, cultura y literatura.--
_tOctava parte u octavo acto. Economía, historia y pensamiento: las edades de la razón.
_tNovena parte o acto final. El centenario como espacio del homenaje.
590 _aInventariado, 2019/MFF
600 1 0 _a Balaguer, Joaquín,
_d1906-2002
_tLa moral y la literatura
_976556
600 1 0 _a Balaguer, Joaquín,
_d1906-2002
_xCrítica e interpretación
_976556
650 4 _aPresidentes
_zRepública Dominicana
_vBiografías
_91288
910 _aValidado. Control de calidad MFF
942 _2ddc
_cLBS1
999 _c40755
_d40755